[Event "AUT-ch Seniors 65"]
[Site "Deutschlandsberg"]
[Date "2018.04.27"]
[Round "6"]
[White "Reisner, Hans"]
[Black "Storer, Hans"]
[Result "1/2-1/2"]
[WhiteElo "1586"]
[BlackElo "1720"]
[PlyCount "55"]
[EventDate "2018.04.22"]
[EventType "swiss"]
[EventRounds "7"]
[EventCountry "AUT"]
[SourceTitle "CBM 184 Extra"]
[Source "ChessBase"]
[SourceDate "2018.06.28"]
[SourceVersion "1"]
[SourceVersionDate "2018.06.28"]
[SourceQuality "1"]

1. e4 c6 2. d4 d5 3. e5 Bf5 4. Bd3 Bxd3 5. Qxd3 e6 6. Nf3 Qa5+ 7. Nc3 Qa6 8. Qxa6 Nxa6 9. a3 c5 10. Be3 cxd4 11. Bxd4 Nc7 12. 0-0 Ne7 13. Bc5 Ng6 14. Bxf8 Nxf8 15. Nd4 a6 16. a4 Nd7 17. Rfe1 Rc8 18. f4 g6 19. Re2 0-0 20. Rae1 Nb8 21. Re3 Ne8 22. Nce2 Ng7 23. g4 Nc6 24. c3 Rfe8 25. b4 Nxd4 26. Nxd4 Rc4 27. Ra1 Rec8 28. Ra3 1/2-1/2